000 00841nmm a2200265 a 4500
001 ocm0001256815
003 TR-IsHL
005 20201028160445.0
008 150709s2015 tu tur
007 cr cn
020 _a9786059285568
035 _a1256815
_b(N$T)
050 0 4 _aHG4551
_b.O94 2015
090 0 4 _aHG4551
_b.O94 2015
100 1 _aÖzhan, Tarkan
245 1 0 _aBorsada kuramlar ve kurallar
_h[electronic resource] /
_cTarkan Özhan
260 _aİstanbul :
_bE-Kitap Projesi,
_c2015
300 _a181 p.
650 4 _aEkonomi ve Finans
650 4 _aEconomics and Finance
650 0 _aBorsa
650 0 _aStock exchanges
650 7 _aBUSINESS & ECONOMICS / Investments & Securities / Stocks
_2bisacsh
856 4 0 _uhttp://search.ebscohost.com/login.aspx?direct=true&scope=site&db=e011xww&AN=1256815
999 _c13613
_d13613